000 00575nam a2200193Ia 4500
005 20250508151632.0
008 008 250505s9999 xx 000 0 eng d
037 _aReference
040 _aFEDL
_beng
_cFEDL
041 _aeng
_2eng
084 _a001.42, GOO
_qFEDL
100 _aGood Carter V
245 0 _aMethods of research: Educational, psychological, sociological
260 _aNew York, USA
_bAppleton-Century-Crofts
_c1954
300 _axx,920p.
700 _a Scates Douglas E
_9759642
942 _cREF
_h001.42, GOO
999 _c1331043
_d1331043